[Event "RSA-chT U16"]
[Site "Cape Town"]
[Date "2016.01.06"]
[Round "6.2"]
[White "Tselapedi, Katlego"]
[Black "Agulhas, Keegan"]
[Result "0-1"]
[WhiteElo "1029"]
[BlackElo "1760"]
[PlyCount "52"]
[EventDate "2016.01.04"]
[EventType "team-tourn"]
[EventRounds "7"]
[EventCountry "RSA"]
[SourceTitle "CBM 170 Extra"]
[Source "ChessBase"]
[SourceDate "2016.02.25"]
[SourceVersion "1"]
[SourceVersionDate "2016.02.25"]
[SourceQuality "1"]
[WhiteTeam "Kenneth Kaunda"]
[BlackTeam "Western Province"]
[WhiteTeamCountry "RSA"]
[BlackTeamCountry "RSA"]

1. e4 e5 2. Nf3 Nc6 3. Bc4 Bc5 4. d3 h6 5. Bd2 Nf6 6. Bc3 d6 7. Bd2 0-0 8. 0-0 Bg4 9. h3 Bh5 10. Nc3 Nd4 11. g4 Bg6 12. Nxd4 Bxd4 13. Nd5 c6 14. Nxf6+ Qxf6 15. Kh2 b5 16. Bb3 Bxb2 17. Rb1 Bd4 18. c3 Bb6 19. a4 bxa4 20. Bxa4 d5 21. f3 Rfd8 22. Qe2 Rab8 23. Qg2 Bc7 24. Rbc1 Qd6 25. Rcd1 dxe4 26. dxe4 Qe7 0-1